|
|
|
|
| LEADER |
00000nab a2200000 a 4500 |
| 001 |
vtls000877803 |
| 003 |
SK-MaSNL |
| 005 |
20260304132307.0 |
| 008 |
250429c2004 xo 0 slo |
| 015 |
|
|
|a SNBRB2004/07-20186
|
| 035 |
|
|
|a CLN000229355
|
| 035 |
|
|
|a urn:nbn:sk:snk-abspv
|
| 035 |
|
|
|a (urnnbn)urn:nbn:sk:snk:ar-a03miv
|
| 035 |
|
|
|a (uuid)92cb2b07-4b7a-4436-9d1a-03dfa171c0e8
|
| 040 |
|
|
|a SNKBUCL
|b slo
|c SNKBUCL
|e AACR2
|
| 041 |
0 |
|
|a slo
|
| 044 |
|
|
|a xo
|c SK
|
| 080 |
|
|
|a 551.588.7
|2 1997
|
| 080 |
|
|
|a 551.583
|2 1997
|
| 100 |
1 |
|
|a Peňkovský, Geňo
|4 ivr
|9 838737
|
| 245 |
1 |
0 |
|a Ľudstvo je zodpovedné za život na Zemi
|b hovoríme s meteorológom RNDr. Jozefom Iľkom
|c Geňo Peňkovský
|
| 650 |
0 |
7 |
|a klíma
|x vývoj
|2 snkbucl
|9 1412447
|
| 650 |
0 |
7 |
|a skleníkový efekt
|2 snkbucl
|9 4059
|
| 650 |
0 |
7 |
|a globálne otepľovanie
|2 snkbucl
|9 4058
|
| 650 |
0 |
7 |
|a klimatické zmeny
|2 SNKPH
|9 3351
|
| 650 |
0 |
7 |
|a voda
|2 SNKPH
|9 854
|
| 655 |
|
7 |
|a články z novín a časopisov
|2 snkbucl
|9 267496
|
| 700 |
1 |
|
|a Iľko, Jozef,
|d 1939-
|4 aut
|9 133624
|
| 773 |
0 |
|
|t Odpady
|g Roč. 4, č. 3 (2004), s. 40-41
|x 1335-7808
|
| 850 |
|
|
|a Slovenská národná knižnica
|
| 852 |
|
|
|a Slovenská národná knižnica
|
| 954 |
|
|
|a odborná, vedecká literatúra pôvodná (slovenská)
|2 lita
|
| 958 |
|
|
|a article27
|
| 958 |
|
|
|a OND
|
| 958 |
|
|
|a EUIPO
|
| 992 |
|
|
|a RBX
|
| 999 |
|
|
|c 2898693
|d 2900623
|